000
00313nam a22001337a 4500
008
170926b xxu||||| |||| 00| 0 eng d
020
_a
9780312247386
041
_a
eng
080
_2
4TH
_a
37
100
_a
46
101
_a
EDU
245
_a
CONTEMPORARY LINGUISTICS AN INTRODUCTION
_c
O'GRADY,W
942
_2
udc
_c
BK
999
_c
29954
_d
29954